Nada

Αποθηκεύτηκε σε:
Λεπτομέρειες βιβλιογραφικής εγγραφής
Κύριος συγγραφέας: Laforet, Carmen (Συγγραφέας)
Μορφή: Βιβλίο
Γλώσσα:Ισπανικά
Έκδοση: Barcelona Destino 1979
Έκδοση:25a. ed
Σειρά:Ancora y Delfín, 17
Θέματα:
Ετικέτες: Προσθήκη ετικέτας
Δεν υπάρχουν, Καταχωρήστε ετικέτα πρώτοι!

MARC

LEADER 00000nam a2200000 a 4500
001 UCR3320
003 CL-VaPUC
008 980124e19790000SP |||||||||||||||||spa|d
082 0 4 |a 863  |b LAF  |2 21 
100 |a Laforet, Carmen  |e author  |9 320657 
245 1 0 |a Nada 
250 |a 25a. ed 
300 |a 295 p 
942 |c BK 
945 |d 19980124 00:00:00  |a aolguin 
260 |a Barcelona  |b Destino  |c 1979 
650 0 |a Novelas españolas  |9 265052 
650 0 |a Literatura española  |9 306261 
583 |a last modification  |c 19980124 00:00:00  |k Rodrigo Vera 
490 0 |a Ancora y Delfín, 17 
999 |c 266404  |d 266402 
952 |0 0  |1 0  |4 0  |6 863_000000000000000_LAF_1979  |7 0  |8 R  |9 297970  |a BIBEDU  |b BIBEDU  |c MCIRC  |d 2019-11-20  |i 1939882  |l 2  |o 863 LAF 1979  |p 1939882  |r 2023-01-13  |s 2021-10-25  |w 2019-11-20  |y BK_R  |k LIT